Statistiken für Algerien-Quiz

Klicken Sie hier um das Quiz zu spielen!

Allgemein

  • Dieses Quiz wurde 1.780 mal gespielt
  • Das Durchschnittsergebnis liegt bei 15 aus 23

Antwortstatistiken

FragenAntworten% Korrekt
Hauptstadt von AlgerienAlgier
96%
NachbarlandMarokko
96%
NachbarlandTunesien
94%
NachbarlandLibyen
93%
NachbarlandMali
89%
NachbarlandMauretanien
88%
Europäisches Land, von dem Algerien 1962 unabhängig wurdeFrankreich
86%
NachbarlandNiger
86%
Wüste, die Algerien mehrheitlich bedecktSahara
86%
Algerien ist das flächengrößte Land Afrikas. Welches ist das zweitgrößte?D.R. Kongo
85%
AmtssprachenArabisch
82%
Prozentualer Anteil der Moslems in Algerien, gerundet auf ganze Zahlen99%
61%
Wichtigstes ExportgutErdöl
59%
Gebirgskette im Norden AlgeriensAtlas
53%
Serie von Konflikten, die mit der Zerstörung Karthagos und
mit der Einrichtung der Römischen Macht endete
{Punische} Kriege
53%
Region Nordafrikas, zu der Algerien gehört (Anfangsbuchstabe M)Maghreb
48%
Währung von AlgerienDinar
40%
Zweitgrößte Stadt (4 Buchstaben)Oran
33%
AmtssprachenBerberisch
32%
Algerischer Fußballspieler mit den meisten Premier-League-TorenRiyad Mahrez
32%
Beschäftigung der Barbaresken-KorsarenPiraten
23%
Ländercode Algeriens (2 Buchstaben)DZ
21%
Bischof von Hippo Regius, der Confessiones verfassteAugustinus
13%

Verteilung der Resultate

Perzentil nach korrekt beantworteten Fragen

Anzahl Personen mit jedem Resultat

Ihre Resultats-Entwicklung

Sie haben dieses Quiz noch nicht gespielt